| 000 | 00000nam##2200000za#4500 |
| 001 | 9.641380 |
| 003 | CaOODSP |
| 005 | 20210624223201 |
| 007 | cr ||||||||||| |
| 008 | 150407|2006||||xxc|||||o f|0| 0 fre|d |
| 040 | |aCaOODSP|bfre |
| 043 | |an-cn--- |
| 086 | 1 |aPS64-108/2006F-PDF |
| 110 | 1 |aCanada.|bService canadien de renseignements criminels. |
| 245 | 13|aLa contrefaçon des médicaments au Canada / |h[ressource électronique]|c[par] Bureau central, Les Services d'analyse stratégique. |
| 260 | |aOttawa - Ontario : |bService canadien de renseignements criminels |cc2007. |
| 300 | |a5p. |
| 590 | |a13-03-Supp|b2013-02-11 |
| 691 | 07|aCrime économique|2gcpds |
| 691 | 07|aIndustrie pharmaceutique|2gcpds |
| 775 | 08|tCounterfeit pharmaceuticals in Canada / |w(CaOODSP)9.697320 |
| 856 | 40|ahttp://publications.gc.ca|qPDF|s232 Ko|uhttps://publications.gc.ca/collections/collection_2013/sp-ps/PS64-108-2006-fra.pdf |